00428nam a2200157Ia 45000010006000000050017000060080041000230410008000640820020000721000032000922450094001242600009002183000029002276500006002566540008002622284420260414150857.0260414t2020||||xx |||||||||||||| ||spa|| aESP a624.15136bA47S aAlva Hurtado, Jorge E.eAUT 0aIngeniería geotécnica sísmica :bsismos, microzonificación, licuación y taludes c2020 a478 páginas : c30 cm. a0 aCIC